000 00983nas a2200277 4500
001 BR8200186
003 BR-BrBNA
005 20231205084950.0
007 ta
008 230509b bl.|||p| |||| 00| 00por d
040 _aBR-BrBNA
_bpor
_cBiblioteca Nacional de Agricultura
041 _a(Pt)
072 _aH20
100 1 _aPimentel, C.P.V.
100 1 _aFeitosa, M.I.
100 1 _aChiba, S.
245 1 _aContribuicao ao estudo da viabilidade e variabilidade de alguns isolados de Phytophthora do cacau (Theobroma cacao L.)[Podridao parda; Fungo]
246 1 _aContribution to the study of the viability and variability of some Phytophthora isolates from cocoa (Theobroma cacao L.)[Brown rot; Fungus]
650 _aDoenca de planta
650 _aCacau
650 _aPodridao parda
650 _aFungo
773 0 _tBiologico (Brazil)
_xISSN 0366-0567
_g(Jun 1981), v. 47(6) p. 159-168
_wBR8200186
909 _a202311
_bLúcia
_c55
_dLúcia Elande
942 _2AGRIS
_n0
_cANA
999 _c108414
_d108414